000 nam a22 7a 4500
999 _c10406
_d10406
008 180216b ||||| |||| 00| 0 eng d
100 _aSrivastava,R.etal.
_96356
245 _aInnovate-3
260 _aNew Delhi
_bSapphire